[Event "ITA-chT UISP 23rd"]
[Site "Rimini"]
[Date "2002.12.??"]
[Round "5"]
[White "Loi, Alberto"]
[Black "Voltolini, Mario"]
[Result "0-1"]
[WhiteElo "1414"]
[BlackElo "2215"]
[PlyCount "85"]
[EventDate "2002.12.??"]
[EventType "team"]
[EventRounds "6"]
[EventCountry "ITA"]
[SourceTitle "EXT 2024"]
[Source "ChessBase"]
[SourceDate "2023.10.10"]
[SourceVersion "1"]
[SourceVersionDate "2023.10.10"]
[SourceQuality "1"]

1. e4 e5 2. b3 Nf6 3. Bb2 Nc6 4. Nf3 Nxe4 5. Qe2 d5 6. d3 Nd6 7. Nxe5 Nxe5 8. Qxe5+ Be6 9. Nc3 c6 10. 0-0-0 Qd7 11. Na4 b6 12. Ba3 f6 13. Qg3 Nf5 14. Qf3 Bxa3+ 15. Nb2 0-0 16. Kb1 Nd6 17. h3 Nb5 18. d4 Bxb2 19. Kxb2 Qd6 20. Bxb5 cxb5 21. g4 a5 22. Qd3 b4 23. f3 Rfc8 24. h4 Rc3 25. Qe2 Bf7 26. Rhe1 Rac8 27. Rc1 Bg6 28. Qb5 Rxc2+ 29. Rxc2 Rxc2+ 30. Ka1 Rc8 31. h5 Qc7 32. Qxd5+ Bf7 33. Qe4 Qc3+ 34. Kb1 Re8 35. Rc1 Qxc1+ 36. Kxc1 Rxe4 37. fxe4 Be6 38. d5 Bxg4 39. d6 Kf7 40. Kd2 Ke6 41. h6 gxh6 42. Ke3 Kxd6 43. Kf4 0-1

[Event "ITA-chT UISP 23rd"]
[Site "Rimini"]
[Date "2002.12.??"]
[Round "1"]
[White "Voltolini, Mario"]
[Black "Vezzosi, Paolo"]
[Result "1/2-1/2"]
[WhiteElo "2215"]
[BlackElo "2394"]
[PlyCount "49"]
[EventDate "2002.12.??"]
[EventType "team"]
[EventRounds "6"]
[EventCountry "ITA"]
[SourceTitle "EXT 2024"]
[Source "ChessBase"]
[SourceDate "2023.10.10"]
[SourceVersion "1"]
[SourceVersionDate "2023.10.10"]
[SourceQuality "1"]

1. e4 c6 2. d3 d5 3. Nd2 g6 4. g3 Bg7 5. Bg2 e5 6. Ngf3 Ne7 7. 0-0 0-0 8. Re1 d4 9. Nc4 Qc7 10. Bd2 Nd7 11. c3 b5 12. Na3 dxc3 13. bxc3 Ba6 14. Nc2 c5 15. d4 Rad8 16. d5 Nc8 17. Qc1 Nd6 18. Bh6 Rfe8 19. Bxg7 Kxg7 20. Nh4 Nc4 21. Ne3 Nxe3 22. Qxe3 Nb6 23. Bf1 Na4 24. Nf5+ gxf5 25. Qg5+ 1/2-1/2

[Event "ITA-chT UISP 17th"]
[Site "Montecatini Terme"]
[Date "1996.12.??"]
[Round "1"]
[White "Rossignoli, Fabio"]
[Black "Voltolini, Mario"]
[Result "0-1"]
[WhiteElo "1701"]
[BlackElo "2185"]
[PlyCount "78"]
[EventDate "1996.12.??"]
[EventType "team-swiss"]
[EventRounds "8"]
[EventCountry "ITA"]
[SourceTitle "EXT 2024"]
[Source "ChessBase"]
[SourceDate "2023.10.10"]
[SourceVersion "1"]
[SourceVersionDate "2023.10.10"]
[SourceQuality "1"]

1. d4 c5 2. e3 Nf6 3. Nf3 g6 4. Bd3 Bg7 5. Nbd2 b6 6. Qe2 0-0 7. 0-0 Bb7 8. c3 d6 9. b4 Nd5 10. Bb2 cxb4 11. c4 Nc7 12. Nb3 Nd7 13. Rac1 a5 14. Rfd1 a4 15. Nbd2 d5 16. cxd5 Nxd5 17. Bb5 N7f6 18. Ne5 e6 19. Nc6 Bxc6 20. Bxc6 a3 21. Ba1 Rc8 22. Qb5 Qc7 23. Nb3 Qe7 24. Qe2 Rc7 25. g3 Rfc8 26. Bxd5 Nxd5 27. Rxc7 Rxc7 28. e4 Nc3 29. Bxc3 bxc3 30. Rc1 Qb4 31. e5 Qc4 32. Qe3 b5 33. f4 Bf8 34. Kf2 b4 35. Rc2 Rd7 36. Kf3 f6 37. Kf2 fxe5 38. fxe5 Rf7+ 39. Kg2 Qf1# 0-1